Statistics for Zelda Ocarina of Time and Majora's Mask

Click here to take the quiz!

General Stats

  • This quiz has been taken 8 times
  • The average score is 50 of 62

Answer Stats

HintAnswer% Correct
Link's childhood friend and Sage of ForestSaria
100%
Boss of Shadow TempleBongo Bongo
100%
Ocarina Song taught by the mask salesmanSong of Healing
100%
Mask found at Stone Tower TempleGiant's Mask
100%
Princess of HyruleZelda
100%
Mask named after Anju's loverKafei's Mask
100%
Mask given at Kafei's hideout by the Curiosity Shop ownerKeaton Mask
100%
Ocarina song taught at the windmill in Kakariko VillageSong of Storms
100%
Ocarina song taught by ImpaZelda's Lullaby
100%
Final Boss of Ocarina of TimeGanon
100%
Boss of Spirit TempleTwinrova
100%
Ocarina song that opens the Door of TimeSong of Time
100%
Boss of Dodongo's CavernKing Dodongo
100%
Boss of Forest TemplePhantom Ganon
100%
Sage of ShadowImpa
100%
Boss of Deku TreeGohma
100%
Sage of WaterRuto
100%
Boss of Fire TempleVolvagia
100%
Mask need to be a member at the Milk BarRomani's Mask
86%
Final Boss of Great Bay TempleGyorg
86%
Deceased Zora in Majora's MaskMikau
86%
Deceased Goron in Majora's MaskDarmani
86%
Mask that allows Link to fun fasterBunny Hood
86%
Sage of FireDarunia
86%
Mask awarded at Ikana GraveyardCaptain's Hat
86%
Mask given by Kafei and AnjuCouple's Mask
86%
Final Boss of Stone Tower TempleTwinmold
86%
Final Boss of Majora's MaskMajora
86%
Final Boss of Snowhead TempleGoht
86%
Final Boss of Woodfall TempleOdolwa
86%
Mask that attracts stray fairiesGreat Fairy's Mask
86%
Sage of SpiritNabooru
86%
Ocarina song that takes Link to Death Mountain CraterBolero of Fire
86%
Ocarina song that brings Link to the Sacred Forest MeadowMinuet of Forest
86%
Mask bought at the Curiosity ShopAll-Night Mask
86%
Mask used to find out the facts and read mindsMask of Truth
86%
Mask awarded by the mail delivery manPostman's Hat
86%
Ocarina song taught by MalonEpona's Song
86%
Mask given by a hungry GoronDon Gero's Mask
71%
Mask that makes Link invisibleStone Mask
71%
Mask awarded after healing the father at Ikana CanyonGibdo Mask
71%
Mask awarded on the moonFierce Deity's Mask
71%
Mask that explodesBlast Mask
71%
Ocarina song that takes Link to the Desert ColossusRequiem of Spirit
71%
Boss in Jabu Jabu's BellyBarinade
71%
Boss of Water TempleMorpha
71%
Ocarina song taught by SariaSaria's Song
71%
Ocarina song inscribed in stone in Kakariko GraveyardSun's Song
71%
Ocarina song that takes Link to Lake HyliaSerenade of Water
71%
Ocarina song that takes Link to Kakariko GraveyardNocturne of Shadow
71%
Mask given by the music box manBremen Mask
57%
Mask used to danceKamaro's Mask
57%
Mask given by the Gorman brothersGaro's Mask
57%
Mask used to find ingredients for the blue potionMask of Scents
57%
Ocarina song given by the King of Ikana CastleElegy of Emptiness
57%
Ocarina Song that calls the Four GiantsOath to Order
57%
Mask that looks like GormanCircus Leader's Mask
57%
Ocarina song in Majora's Mask that allows Link to warpSong of Soaring
57%
Ocarina song that takes Link to the Temple of TimePrelude of Light
43%
Ocarina song used to enter Woodfall TempleSonata of Awakening
43%
Ocarina song used to enter Snowhead TempleGoron Lullaby
43%
Ocarina song used to enter Great Bay TempleNew Wave Bossanova
43%

Score Distribution

Percentile by Number Answered

Percent of People with Each Score

Your Score History

You have not taken this quiz